MARC

LEADER 00000nam0a2200000 4500
001 365868
005 20231102011827.0
035 |a (RuTPU)RU\TPU\retro\23231 
090 |a 365868 
100 |a 20220125d1979 km y0rusy50 ca 
101 0 |a rus 
102 |a RU 
105 |a a z 001zy 
200 1 |a Органосиликатные материалы , их свойства и технология применения  |f Академия наук СССР, Институт химии силикатов им. И. В. Гребенщикова ; отв. ред. Н. Ф. Федоров 
210 |a Ленинград  |c Наука  |d 1979 
215 |a 200 с.  |c ил. 
320 |a Библиогр.: с. 186-198 
606 1 |a Электроизоляционные материалы, кремнийорганические  |2 stltpush  |3 (RuTPU)RU\TPU\subj\20067  |9 45209 
610 1 |a органосиликатные материалы 
610 1 |a применение 
610 1 |a свойства 
610 1 |a технологизация 
610 1 |a покрытия 
610 1 |a пасты 
610 1 |a стеклопластики 
675 |a 621.315.617  |v 4 
702 1 |a Федоров  |b Н. Ф.  |4 340 
712 0 2 |a Академия наук СССР  |b Институт химии силикатов им. И. В. Гребенщикова  |c (Ленинград)  |2 stltpush  |3 (RuTPU)RU\TPU\col\11534  |9 25160 
801 1 |a RU  |b 63413507  |c 20220125 
942 |c BK